| 000 | 00459nam a22001457a 4500 | ||
|---|---|---|---|
| 005 | 20180129125553.0 | ||
| 008 | 180129b xxu||||| |||| 00| 0 eng d | ||
| 040 | _cPK-LaUMT | ||
| 082 |
_aPKAC 158.1 _bBAS-S |
||
| 100 | _aBashir Jumma , Muhammad | ||
| 245 |
_aShahra waqt per kamyabi ka safar(شاہراہ وقت پر کامیابی کا سفر) _cMuhammad Bashir Jumma |
||
| 260 |
_aلاہور: _bجنگ پبلشرز، _c1994 |
||
| 300 | _a387 | ||
| 942 | _cBK | ||
| 999 |
_c102397 _d102397 |
||